Pla de sanejament de Catalunya : any 1982 / Generalitat de Catalunya, Departament de Política Territorial i Obres Públiques any 1982 / Generalitat de Catalunya, Departament de Política Territorial i Obres Públiques
Descripción Física:
160 p., 18 map. pleg. ; 30 cm
MARC
| LEADER | 00000nam a2200000Ia 4500 | ||
|---|---|---|---|
| 001 | 1465 | ||
| 008 | 160829s1982 xx 000 0 cat d | ||
| 080 | |a C-2-46 | ||
| 100 | |a Pla de Sanejament de Catalunya |9 20616 | ||
| 245 | |a Pla de sanejament de Catalunya : |b any 1982 / Generalitat de Catalunya, Departament de Política Territorial i Obres Públiques | ||
| 260 | |a Barcelona : |b el Departament, |c 1982 | ||
| 300 | |a 160 p., 18 map. pleg. ; |c 30 cm | ||
| 650 | 0 | |a Aigües residuals |x Depuració |z Barcelona (Província) |9 20730 | |
| 710 | |a Catalunya. |b Departament de Política Territorial i Obres Públiques |9 53042 | ||
| 901 | |a Arxiu | ||
| 942 | |n 1 | ||
| 952 | |0 0 |1 0 |4 0 |6 C246 |7 1 |9 41609 |a Arxiu |b Arxiu |d 2016-12-01 |l 0 |o C-2-46 |p 1465 |r 2016-12-01 00:00:00 |w 2016-12-01 |y ARXIU | ||
| 999 | |c 43499 |d 43499 | ||